opac header logoIBA Library

HBR guide to making every mecting .../ (Record no. 624)

MARC details
000 -LEADER
fixed length control field 00404nam a22001577a 4500
003 - CONTROL NUMBER IDENTIFIER
control field BD-DhUIB
005 - DATE AND TIME OF LATEST TRANSACTION
control field 20251026172312.0
008 - FIXED-LENGTH DATA ELEMENTS--GENERAL INFORMATION
fixed length control field 251026b |||||||| |||| 00| 0 eng d
040 ## - CATALOGING SOURCE
Original cataloging agency BD-DhUIB
Transcribing agency BD-DhUIB
050 ## - LIBRARY OF CONGRESS CALL NUMBER
Classification number 658.45
082 ## - DEWEY DECIMAL CLASSIFICATION NUMBER
Edition number 22
100 ## - MAIN ENTRY--PERSONAL NAME
Personal name Harverd Business Review.
9 (RLIN) 1060
245 ## - TITLE STATEMENT
Title HBR guide to making every mecting .../
Statement of responsibility, etc. Harverd Business Review.
526 ## - STUDY PROGRAM INFORMATION NOTE
Program name BBA.
942 ## - ADDED ENTRY ELEMENTS (KOHA)
Source of classification or shelving scheme Dewey Decimal Classification
Koha item type Books
Holdings
Withdrawn status Lost status Source of classification or shelving scheme Damaged status Not for loan Collection code Home library Current library Shelving location Date acquired Total Checkouts Full call number Barcode Date due Date last seen Date last checked out Copy number Price effective from Koha item type
    Dewey Decimal Classification     Non-fiction IBA Library IBA Library General Stacks 01/21/2014 1 658.45 H339h 00050379 11/09/2025 10/26/2025 10/26/2025 C-1 10/26/2025 Books
Copyright © 2021-2026 | IBA Library
Institute of Business Administration (IBA)
University of Dhaka
Library Home | IBA Home